All Countries by Southernmost Point, with an Empty Map - Statistics

General Stats
  • This quiz has been taken 12,474 times
    10,920 since last reset
  • The average score is 93 of 196
Answers on the Map
Answers color-coded by a green-red scale on the quiz's map according to % correct below.
 
Answer Stats
Country % Correct
Argentina
96%
Chile
96%
United Kingdom
95%
Australia
94%
New Zealand
87%
South Africa
85%
Uruguay
84%
France
83%
Brazil
81%
Lesotho
81%
Paraguay
80%
Botswana
79%
Eswatini
79%
Namibia
79%
Zimbabwe
79%
Mozambique
78%
Bolivia
77%
Vanuatu
77%
Zambia
77%
Angola
75%
Dem. Rep. of the Congo
75%
Fiji
75%
Madagascar
75%
Peru
74%
Tonga
74%
Malawi
71%
Mauritius
71%
Republic of the Congo
71%
Indonesia
70%
Kiribati
70%
Norway
70%
East Timor
69%
Kenya
69%
Tanzania
69%
Comoros
68%
Ecuador
68%
Rwanda
68%
Burundi
67%
Fed. States of Micronesia
67%
Samoa
67%
Uganda
67%
United States
67%
Colombia
66%
Papua New Guinea
66%
Venezuela
66%
Gabon
65%
Tuvalu
65%
Solomon Islands
64%
Guyana
62%
Equatorial Guinea
61%
Seychelles
61%
Côte d'Ivoire
60%
Suriname
60%
Ethiopia
59%
Somalia
59%
Cameroon
58%
Malaysia
58%
Central African Republic
57%
Nauru
57%
Nigeria
57%
South Sudan
57%
Singapore
56%
Liberia
55%
Maldives
55%
Yemen
55%
Ghana
54%
India
54%
Palau
54%
Vietnam
54%
São Tomé and Príncipe
53%
Thailand
53%
Benin
52%
Brunei
52%
Panama
52%
Togo
52%
Philippines
50%
Chad
49%
Guinea
49%
Sri Lanka
49%
Sudan
48%
Costa Rica
47%
Oman
47%
Sierra Leone
47%
Cambodia
46%
Djibouti
46%
Burkina Faso
45%
Honduras
45%
Myanmar
45%
Niger
45%
Eritrea
44%
Mali
44%
Marshall Islands
44%
Qatar
44%
Guinea Bissau
43%
Nicaragua
43%
Trinidad and Tobago
43%
China
41%
Finland
40%
Iceland
40%
Jamaica
40%
Denmark
39%
Estonia
39%
Japan
39%
Laos
39%
Latvia
39%
Senegal
39%
El Salvador
38%
Guatemala
38%
Haiti
38%
Jordan
38%
Lithuania
38%
Sweden
38%
Gambia
37%
Iran
37%
Ireland
37%
Mexico
37%
Belarus
36%
Belgium
36%
Dominican Republic
36%
Grenada
36%
Mauritania
36%
North Macedonia
36%
Saudi Arabia
36%
United Arab Emirates
36%
Algeria
35%
Egypt
35%
Iraq
35%
Libya
35%
Poland
35%
Barbados
34%
Dominica
34%
Germany
34%
Luxembourg
34%
St. Vincent and Grenadines
34%
Taiwan
34%
Bahrain
33%
Czech Republic
33%
Hungary
33%
Italy
33%
St. Lucia
33%
Vatican City
33%
Austria
32%
Belize
32%
Israel
32%
Kazakhstan
32%
Kuwait
32%
Liechtenstein
32%
Pakistan
32%
Slovakia
32%
Ukraine
32%
Uzbekistan
32%
Antigua and Barbuda
31%
Kosovo
31%
Kyrgyzstan
31%
Morocco
31%
Romania
31%
Russia
31%
Switzerland
31%
Armenia
30%
Bhutan
30%
Nepal
30%
Tajikistan
30%
Turkey
30%
Afghanistan
29%
Azerbaijan
29%
Bangladesh
29%
Georgia
29%
Greece
29%
Lebanon
29%
Malta
29%
Portugal
29%
Slovenia
29%
St. Kitts and Nevis
29%
Canada
28%
Croatia
28%
Cuba
28%
Moldova
28%
Montenegro
28%
Serbia
28%
Spain
28%
Tunisia
28%
Albania
27%
Andorra
27%
Bosnia and Herzegovina
27%
Bulgaria
27%
Mongolia
27%
Syria
27%
Turkmenistan
27%
Bahamas
26%
Cape Verde
26%
Cyprus
26%
San Marino
26%
Monaco
25%
North Korea
25%
Netherlands
24%
South Korea
23%
No matching quizzes found
Score Distribution
Percent of People with Each Score
Percentile by Number Answered
Your Score History
You have not taken this quiz since the last reset